Técnica y civilización
Gespeichert in:
| 1. Verfasser: | |
|---|---|
| Weitere Verfasser: | |
| Format: | Buch |
| Sprache: | Spanisch |
| Veröffentlicht: |
Madrid, España:
Alianza,
1971
|
| Schriftenreihe: | Alianza Universidad,
11 |
| Schlagworte: | |
| Tags: |
Tag hinzufügen
Keine Tags, Fügen Sie den ersten Tag hinzu!
|
MARC
| LEADER | 00000nam a2200000 a 4500 | ||
|---|---|---|---|
| 001 | UCT2116 | ||
| 003 | CL-VaPUC | ||
| 005 | 20220822114450.0 | ||
| 008 | 961004e19710000SP |||||||||||||||||spa|d | ||
| 999 | |c 435676 |d 435674 | ||
| 040 | |c Pontificia Universidad Católica de Valparaíso | ||
| 082 | 0 | 4 | |a 609 MUM 1971 |2 21 |
| 100 | |a Mumford, Lewis |e autor |9 869690 | ||
| 245 | 1 | 0 | |a Técnica y civilización |
| 260 | |a Madrid, España: |b Alianza, |c 1971 | ||
| 300 | |a 522 páginas | ||
| 490 | 0 | |a Alianza Universidad, |v 11 | |
| 500 | |a c.1 Donación Familia Prof. Alejandro Guzmán Brito. | ||
| 583 | |a last modification |c 20160928 09:39:34 |k Cristina María Rojas Aguilar | ||
| 650 | 0 | |a Tecnología |9 256742 | |
| 650 | 0 | |a Historia de la tecnología |9 266115 |x Innovaciones tecnológicas | |
| 700 | |a Aznar de Acevedo, Constantino |e versión española |9 869564 | ||
| 942 | |c BK |2 ddc |n 0 | ||